| 000 | 00493cam a2200193ua 4500 | ||
|---|---|---|---|
| 020 |
_a81 219 0132 4 _c220.00 |
||
| 041 |
_aeng _h |
||
| 082 |
_a621.801 _bKHU/TH |
||
| 100 | _aKhurmi, R S. | ||
| 245 |
_aTheory of machines / _cR S Khurmi. _hTextual Documents |
||
| 250 |
_a1 / _b. |
||
| 260 |
_aNew Delhi : _bEurasia Publishing house pvt ltd , _c2000. |
||
| 300 | _a1018 ; . | ||
| 365 | _a220.00 | ||
| 504 | _a | ||
| 700 | 1 | _aGupta, J K . | |
| 942 | _cBK | ||
| 999 |
_c8984 _d8984 |
||